000 00417nam a22001697a 4500
005 20160527112542.0
008 160527b xxu||||| |||| 00| 0 eng d
020 _a978-81-7446-700-3
041 _aeng
082 _b5452
100 _aMukerjee, Hory Shankar
_91363
245 _aIndustrial Marketing
260 _aNew Delhi
_bAcademic Faundation
_c2009
300 _a653
650 _aManagement
_9241
942 _cBK
999 _c1938
_d1937